| 000 | 00000nam##2200000za#4500 |
| 001 | 9.523721 |
| 003 | CaOODSP |
| 005 | 20210615083025 |
| 007 | ta |
| 008 | 150406|1994||||xxc||||| f|0| 0 fre|d |
| 020 | |a0-660-59111-1 |
| 022 | |a0706-148X |
| 040 | |aCaOODSP|bfre |
| 041 | |aeng |
| 041 | |afre |
| 043 | |an-cn--- |
| 086 | 1 |aS52-2/224-1994 |
| 110 | 1 |aCanada.|bTravaux publics et Services gouvernementaux Canada. |bServices de traduction. |
| 245 | 10|aVocabulaire de l'administration correctionnelle / |cpar Estelle Beauregard. |
| 260 | |aOttawa - Ontario : |bTravaux publics et Services gouvernementaux Canada. |c1994. |
| 300 | |a325p. ; |c22 cm. |
| 490 | 1 |aBulletin de terminologie|x0706-148X|v224 |
| 500 | |a«Il s'agit d'une version considérablement modifiée et augmentée du Lexique du secteur correctionnel paru en 1985, cahier qui est devenu désuet depuis l'adoption de plusieurs lois et la réforme correctionnnelle effectuée en 1992.»--Introduction. |
| 520 | 3 |aBulletin de terminologie 224. Version considérablement modifiée et augmentée du "Lexique du secteur correctionnel" paru en 1985, ce vocabulaire bilingue renferme 1 800 termes, dont 488 sont définis ou accompagnés de directives d'usage. On y trouve des termes tirés de la nouvelle "Loi sur les systèmes correctionnels et la mise en liberté sous condition" et de son Règlement, ainsi que de publications récentes produites par des organismes du droit criminel. |
| 546 | |aBilingue |
| 563 | |aCouverture souple |
| 590 | |a94-14|b1994-04-08 |
| 691 | 07|aTerminologie|2gcpds |
| 691 | 07|aJustice pénale|2gcpds |
| 720 | 1 |aBeauregard, Estelle |
| 776 | 0#|tCorrectional administration vocabulary / |w(CaOODSP)9.590559 |
| 791 | |tCorrectional administration vocabulary / |eeng|w(CaOODSP)9.523720 |
| 830 | #0|aBulletin de terminologie,|x0706-148X|v224|w(CaOODSP)9.509599 |